Study of silvicultural knowledges carried out by local community in sdao commune rattanakmondul district battambang province, សិក្សាពីចំណេះដឹងរុក្ខវប្បកម្មដែលអនុវត្ដន៍ដោយប្រជាជនសហគមន៍ ឃុំស្ដៅ ស្រុករតនៈមណ្ដល ខេត្តបាត់ដំបង (Record no. 3259)

000 -LEADER
fixed length control field 00765nam a22001577a 4500
003 - CONTROL NUMBER IDENTIFIER
control field OSt
005 - DATE AND TIME OF LATEST TRANSACTION
control field 20151108162711.0
008 - FIXED-LENGTH DATA ELEMENTS--GENERAL INFORMATION
fixed length control field 151108b xxu||||| |||| 00| 0 eng d
040 ## - CATALOGING SOURCE
Transcribing agency RUA
082 ## - DEWEY DECIMAL CLASSIFICATION NUMBER
Classification number FOR KIM 2003 B129 Or.1
100 ## - MAIN ENTRY--PERSONAL NAME
9 (RLIN) 3493
Personal name KIM, TENG.
245 ## - TITLE STATEMENT
Title Study of silvicultural knowledges carried out by local community in sdao commune rattanakmondul district battambang province, សិក្សាពីចំណេះដឹងរុក្ខវប្បកម្មដែលអនុវត្ដន៍ដោយប្រជាជនសហគមន៍ ឃុំស្ដៅ ស្រុករតនៈមណ្ដល ខេត្តបាត់ដំបង
260 ## - PUBLICATION, DISTRIBUTION, ETC. (IMPRINT)
Place of publication, distribution, etc. Phnom Penh
Name of publisher, distributor, etc. RUA
Date of publication, distribution, etc. 2003
300 ## - PHYSICAL DESCRIPTION
Extent viii; 50p.
Other physical details ill.
Dimensions 29cm.
942 ## - ADDED ENTRY ELEMENTS (KOHA)
Source of classification or shelving scheme
Koha item type FOR
Holdings
Price effective from Date last seen Permanent Location Not for loan Date acquired Source of classification or shelving scheme Koha item type Barcode Lost status Damaged status Shelving location Withdrawn status Current Location Full call number
2015-11-082015-11-08Library Block B 2015-11-08 FORRUA028011  B129 Library Block BFOR KIM 2003 B129 Or.1
2015-11-082015-11-08Library Block B 2015-11-08 FORRUA028401  B129 Library Block BFOR KIM 2003 B129 Or.2
2015-11-082015-11-08Library Block B 2015-11-08 FORRUA028185  B129 Library Block BFOR KIM 2003 B129 Or.3
2015-11-082015-11-08Library Block B 2015-11-08 FORRUA028084  B129 Library Block BFOR KIM 2003 B129 Or.4
2015-11-082015-11-08Library Block B 2015-11-08 FORRUA028012  B129 Library Block BFOR KIM 2003 B129 Or.5
មជ្ឈមណ្ឌលឯការនៃសាកលវិទ្យាល័យភូមិន្ទកសិកម្មចំការដូង

Powered by Koha